Stations on the Welsh Marches Line - Statistics

General Stats
  • This quiz has been taken 29 times
  • The average score is 12 of 17
Answer Stats
Answe % Correct
Shrewsbury
95%
Newport
90%
Abergavenny
85%
Hereford
85%
Crewe
80%
Cwmbran
75%
Leominster
75%
Ludlow
75%
Church Stretton
70%
Craven Arms
70%
Nantwich
65%
Pontypool & New Inn
65%
Wem
60%
Whitchurch
60%
Prees
45%
Wrenbury
40%
Yorton
40%
No matching quizzes found
Score Distribution
Percent of People with Each Score
Percentile by Number Answered
Your Score History
You have not taken this quiz